|
|
|
|
| LEADER |
01107nam a2200241 a 4500 |
| 001 |
00024368 |
| 008 |
120214s2012 enk b 000 0 eng |
| 040 |
|
|
|a BD-DhAAL
|c BD-DhAAL
|
| 020 |
|
|
|a 9780194372121
|
| 020 |
|
|
|a 019437212x
|
| 082 |
0 |
0 |
|a 401.93
|2 22
|
| 100 |
1 |
|
|a Ellis, Rod
|
| 245 |
1 |
0 |
|a Second Language Acquisition /
|c Rod Ellis.
|
| 260 |
|
|
|a Oxford :
|b Oxford University Press,
|c c1997 [Printed 2012]
|
| 300 |
|
|
|a x, 147 p. ;
|c 20 cm.
|
| 490 |
0 |
|
|a Oxford introductions to language study
|
| 504 |
|
|
|a Includes bibliographical references [123-135 p.]
|
| 541 |
|
|
|e 00024368
|
| 650 |
|
0 |
|a Second language acquisition
|
| 852 |
1 |
|
|a Ayesha Abed Library
|c General shelf.
|
| 999 |
|
|
|c 11880
|d 11880
|
| 952 |
|
|
|0 0
|1 0
|4 0
|6 401_930000000000000_ELL
|7 0
|9 19423
|a BRACUL
|b BRACUL
|c GEN
|d 2012-02-15
|e Karim International
|g 1425.00
|l 7
|m 27
|o 401.93 ELL
|p 3010024368
|r 2026-03-02
|s 2026-02-02
|t 1
|w 2012-02-15
|y BK
|x Available
|
| 952 |
|
|
|0 0
|1 0
|2 ddc
|4 0
|6 401_930000000000000_ELL
|7 0
|9 19424
|a BRACUL
|b BRACUL
|c GEN
|d 2012-02-15
|e Karim International
|g 1425.00
|l 7
|m 76
|o 401.93 ELL
|p 3010015386
|q 2026-06-02
|r 2026-02-02
|s 2026-02-02
|t 2
|w 2012-02-15
|y BK
|